000
00336nam a2200145Ia 4500
008
191201s2001 xx 000 0 und d
082
_a
005.43
_b
TAP
100
_a
TAXALI, Ravi kant
245
0
_a
PC Software Made Simple
250
_a
22th
260
_a
N.Delhi
_b
TMH
_c
2001
300
_a
739
650
_a
B.Tech(CSE)
942
_2
ddc
_c
BK
999
_c
1328
_d
1328